000 00265nam a2200109Ia 4500
008 220204s9999 xx 000 0 und d
082 _a82-3SIL
_bSUM
100 _aSummers, Ashley
245 0 _aSeason of enchantment
260 _aKent
_bSilhouette
_c1983
942 _cBK
999 _c37871
_d37871